International relations in India : (Record no. 123307)

MARC details
000 -LEADER
fixed length control field 00857nam a22002657a 4500
003 - CONTROL NUMBER IDENTIFIER
control field 0
005 - DATE AND TIME OF LATEST TRANSACTION
control field 20180728171102.0
008 - FIXED-LENGTH DATA ELEMENTS--GENERAL INFORMATION
fixed length control field 0
010 ## - LIBRARY OF CONGRESS CONTROL NUMBER
LC control number B-167118
020 ## - INTERNATIONAL STANDARD BOOK NUMBER
Terms of availability 325.00
International Standard Book Number 9788125026402
035 ## - SYSTEM CONTROL NUMBER
System control number B-167118, B-167119
037 ## - SOURCE OF ACQUISITION
Source of stock number/acquisition Cen Lib/Ret
040 ## - CATALOGING SOURCE
Original cataloging agency DPL
Language of cataloging EN
Transcribing agency 0
082 ## - DEWEY DECIMAL CLASSIFICATION NUMBER
Classification number 327
Item number BAJ
100 ## - MAIN ENTRY--PERSONAL NAME
Personal name Bajpai, Kanti
9 (RLIN) 5331
245 ## - TITLE STATEMENT
Title International relations in India :
Statement of responsibility, etc by Kanti Bajpai [and] Siddharth Mallavarapu
Remainder of title theorising the region and nation /
260 ## - PUBLICATION, DISTRIBUTION, ETC. (IMPRINT)
Place of publication, distribution, etc Hyderabad
Name of publisher, distributor, etc Orient Longman
Date of publication, distribution, etc 2004
270 ## - ADDRESS
City Hyderabad
Address 3-6-725 Himayatnagar
300 ## - PHYSICAL DESCRIPTION
Extent 414p.
Dimensions 21cm(Hb)
500 ## - GENERAL NOTE
General note Includes index
650 ## - SUBJECT ADDED ENTRY--TOPICAL TERM
Topical term or geographic name as entry element International relations
9 (RLIN) 86309
650 ## - SUBJECT ADDED ENTRY--TOPICAL TERM
Topical term or geographic name as entry element अंतर्राष्ट्रीय सम्बन्ध
9 (RLIN) 86310
700 ## - ADDED ENTRY--PERSONAL NAME
Personal name Mallavarapu, Siddharth
9 (RLIN) 5334
942 ## - ADDED ENTRY ELEMENTS (KOHA)
Source of classification or shelving scheme Dewey Decimal Classification
Koha item type English Books
Classification part 327
Call number suffix BAJ
Holdings
Withdrawn status Lost status Damaged status Not for loan Home library Current library Date acquired Source of acquisition Cost, normal purchase price Total Checkouts Total Renewals Full call number Barcode Date last seen Date checked out Copy number Cost, replacement price Price effective from Koha item type Source of classification or shelving scheme Collection code
        Central Library Central Library 05/06/2015 Cen Lib/Ret 325.00 2 1 327 BAJ B-167118 11/09/2025 02/08/2025 1 325.00 05/06/2015 English Books    
        Patel Nagar Patel Nagar 28/07/2018 BPPD/PUB 325.00     327 BAJ B-167119 28/07/2018     325.00 28/07/2018 English Books Dewey Decimal Classification Non-fiction

© Delhi Public Library
Hit Counter
free hit counter